Captain Underpants Multiple Choice Characters - Statistics

General Stats
  • This quiz has been taken 15 times
  • The average score is 11 of 15
Answer Stats
Question Tile Select % Correct
Which one is Harold? Yes
100%
Which one is Harold? No
100%
Which one is Harold? No
93%
Which one is George? No
86%
Which one is George? Yes
86%
Which one is Finkstein? No
86%
Which one is George? No
79%
Which one is Mr Krupp? No
79%
Which one is Bugg? No
79%
Which one is Finkstein? No
71%
Which one is Mr Krupp? No
64%
Which one is Mr Krupp? Yes
57%
Which one is Bugg? No
57%
Which one is Finkstein? Yes
57%
Which one is Bugg? Yes
36%
No matching quizzes found
Score Distribution
Percent of People with Each Score
Percentile by Number Answered
Your Score History
You have not taken this quiz